000 00354nam a2200145Ia 4500
008 240624s9999 xx 000 0 und d
041 _aeng
082 _a344.54 SAR
100 _aSARMA A M
245 _aINDUSTRIAL JURISPRUDENCE AND LABOUR LEGI
250 _a(7th ed.)
260 _c2012
_aNew Delhi
_bHimalaya
300 _a472 : p.
365 _cRS
_b26
999 _c22831
_d22831